Cabaret = Cabaret /
En Berlín, durante los últimos años de la República de Weimar, se narran la historia y las relaciones amorosas de una serie de personajes que giran en torno a un cabaret, el Kit Kat Club, donde se presenta una cantante norteamericana. Los números musicales representan, con sarcasmo e ironía, la situ...
Shranjeno v:
| Glavni avtor: | |
|---|---|
| Drugi avtorji: | , , , , , , , |
| Format: | |
| Jezik: | angleščina |
| Izdano: |
Los Angeles, EUA :
ABC,
1972, c1972
|
| Serija: | (Warner Classics)
|
| Teme: | |
| Oznake: |
Brez oznak, prvi označite!
|
MARC
| LEADER | 00000ngm^a2200000^a^4500 | ||
|---|---|---|---|
| 001 | 000372558 | ||
| 005 | 20250521000000.0 | ||
| 009 | 20260310120004.545 | ||
| 020 | |a 0-7907-3198-3 | ||
| 025 | |a Donación sin dato, 1 ejemplar | ||
| 037 | |a Acervo Xavier Clavigero | ||
| 041 | |a ING | ||
| 082 | |a 810. |b FOS | ||
| 100 | |a Fosse, Bob |e (realización) | ||
| 240 | 1 | 1 | |a [Adiós a Berlín] |
| 240 | 1 | 1 | |a [Adiós a Berlín. Adaptaciones] |
| 240 | 1 | 1 | |a [Cabaret, de Bob Fosse] |
| 245 | 1 | 0 | |a Cabaret = |b Cabaret / |c Realización de B. Fosse. |
| 264 | 4 | |a Los Angeles, EUA : |b ABC, |c 1972, c1972 | |
| 264 | 2 | |a Los Angeles, EUA : |b Warner Brothers [distribución], |c 1997, c1997 | |
| 300 | |a 1 videocasete VHS (124, 26 min.) : |b color | ||
| 336 | |a imagen móvil bidimensional |b tdi |2 rdacontenido | ||
| 337 | |a video |b v |2 rdamedio | ||
| 338 | |a videocasete |b vf |2 rdasoporte | ||
| 440 | 1 | |a (Warner Classics) | |
| 500 | |a Basado en: Adiós a Berlín, de Christopher Isherwood | ||
| 500 | |a Basado en: I Am a Camera, de John van Druten | ||
| 500 | |a Basado en: Cabaret, de John Kander, Fred Ebb y Joe Masteroff | ||
| 520 | |a En Berlín, durante los últimos años de la República de Weimar, se narran la historia y las relaciones amorosas de una serie de personajes que giran en torno a un cabaret, el Kit Kat Club, donde se presenta una cantante norteamericana. Los números musicales representan, con sarcasmo e ironía, la situación general del país, donde el partido nazi va ganando terreno. Segundo de los cinco largometrajes dirigidos por el cineasta, director teatral y coreógrafo norteamericano Bob Fosse (1927-1987). | ||
| 530 | |a Existe una edición en formato audiovisual en DVD con el mismo título | ||
| 546 | |a En inglés, sin subtítulos | ||
| 586 | |a Premio Oscar, de la Academia Norteamericana de Cine (45°: 1972): Mejor Película (finalista) | ||
| 586 | |a Premio Oscar, de la Academia Norteamericana de Cine (45°: 1972): Mejor Dirección (ganador: Bob Fosse) | ||
| 586 | |a Premio Oscar, de la Academia Norteamericana de Cine (45°: 1972): Película con más premios (8) | ||
| 586 | |a Premio Oscar, de la Academia Norteamericana de Cine (45°: 1972): Película con más candidaturas finalistas (10) | ||
| 586 | |a Premio Globo de Oro, de la Asociación de la Prensa Extranjera de Hollywood (30°: 1972): Mejor Película – Musical o Comedia (ganadora) | ||
| 586 | |a Premio Globo de Oro, de la Asociación de la Prensa Extranjera de Hollywood (30°: 1972): Mejor Dirección (finalista: Bob Fosse) | ||
| 586 | |a Premio BAFTA, de la Academia Británica de Cine y Televisión (26°: 1972): Mejor Película (ganadora) | ||
| 586 | |a Premio BAFTA, de la Academia Británica de Cine y Televisión (26°: 1972): Mejor Dirección (ganador: Bob Fosse) | ||
| 586 | |a Premio BAFTA, de la Academia Británica de Cine y Televisión (26°: 1972): Película con más premios (7) | ||
| 586 | |a Premio BAFTA, de la Academia Británica de Cine y Televisión (26°: 1972): Película con más candidaturas finalistas (11) | ||
| 586 | |a Premio Bodil, de la Asociación Danesa de Críticos de Cine (25°: 1973): Mejor Película No Europea (ganadora) | ||
| 586 | |a Registro Nacional de Cine de la Biblioteca del Congreso: Declaraciones de 1995 | ||
| 586 | |a Diseño de Indumentaria y Moda: Premio BAFTA, de la Academia Británica de Cine y Televisión (26°: 1972): Mejor Diseño de Vestuario (finalista: Charlotte Flemming) | ||
| 649 | |a XX | ||
| 650 | |a Películas Musicales | ||
| 650 | |a Cine Gay y Lésbico - |z EUA | ||
| 650 | |a Cine Norteamericano - |y 1970-1979 | ||
| 650 | |a Cine Norteamericano - |y Siglo XX | ||
| 650 | |a Novela Inglesa - |x Adaptaciones para Cine | ||
| 650 | |a Teatro Norteamericano - |x Adaptaciones para Cine | ||
| 650 | |a Literatura Inglesa - |y Siglo XX - |x Adaptaciones para Cine | ||
| 650 | |a Literatura Norteamericana - |y Siglo XX - |x Adaptaciones para Cine | ||
| 650 | |a Literatura y Cine | ||
| 650 | |a Bares y Centros Nocturnos en el Cine | ||
| 650 | |a Bares y Centros Nocturnos - |z Berlín, Alemania - |x Historia - |y República de Weimar, 1919-1933 | ||
| 650 | |a Music Hall | ||
| 650 | |a Música en el Teatro | ||
| 650 | |a Teatro en el Cine | ||
| 650 | |a Artes Escénicas en el Cine | ||
| 650 | |a Relaciones de Pareja | ||
| 650 | |a Historia Social - |z Alemania - |y República de Weimar, 1919-1933 | ||
| 650 | |a Nazismo - |z Alemania - |x Historia - |y República de Weimar, 1919-1933 - |x Tema Principal | ||
| 650 | |a Política - |z Alemania - |x Historia - |y República de Weimar, 1919-1933 | ||
| 650 | |a Berlín, Alemania en el Cine | ||
| 650 | |a Berlín, Alemania - |x Historia - |y República de Weimar, 1919-1933 | ||
| 650 | |a Berlín, Alemania - |x Historia - |y Siglo XX | ||
| 650 | |a Alemania en el Cine | ||
| 650 | |a Alemania - |x Historia - |y República de Weimar, 1919-1933 - |x Tema Principal | ||
| 650 | |a Alemania - |x Historia - |y Siglo XX | ||
| 700 | |a Allen, Jay Presson |e (guión) | ||
| 700 | |a Unsworth, Geoffrey |e (fotógrafo) | ||
| 700 | |a Flemming, Charlotte |e (vestuario) | ||
| 700 | |a Bretherton, David |e (montaje) | ||
| 700 | |a Kander, John |e (música) | ||
| 700 | |a Minnelli, Liza |e (actuación) | ||
| 700 | |a York, Michael |e (actuación) | ||
| 700 | |a Griem, Helmut |e (actuación) | ||
| 910 | |a Fondo General | ||
| 920 | |a Audiovisuales - Videocasetes | ||
| 940 | |a Películas | ||
| 905 | |a 301 | ||
| 901 | |a 0500267067 |b IT2 |c VIS |i FXC D |u 20250521 | ||
| 902 | |a https://opac.biblio.iteso.mx/vufind/Record/000372558 | ||